[Event "ROM-ch (Women)"]
[Site "Eforie Nord"]
[Date "2022.02.27"]
[Round "9"]
[White "Baciu, Anca Otilia"]
[Black "Dragomirescu, Angela"]
[Result "1/2-1/2"]
[WhiteElo "2014"]
[BlackElo "2167"]
[PlyCount "99"]
[EventDate "2022.02.20"]
[EventType "swiss"]
[EventRounds "9"]
[EventCountry "ROU"]
[SourceTitle "CBM 207 Extra"]
[Source "ChessBase"]
[SourceDate "2022.05.31"]
[SourceVersion "1"]
[SourceVersionDate "2022.05.31"]
[SourceQuality "1"]

1. e4 g6 2. d4 Bg7 3. Nc3 c6 4. Be3 Qb6 5. b3 d6 6. Qd2 Nd7 7. Nf3 Qc7 8. a4 Ngf6 9. h3 0-0 10. Bd3 b6 11. 0-0 Bb7 12. Rad1 a6 13. Rfe1 e5 14. Bf1 Rfe8 15. dxe5 dxe5 16. Bh6 b5 17. g4 Nf8 18. Bxg7 Kxg7 19. g5 Nh5 20. Qd6 Qxd6 21. Rxd6 Nf4 22. h4 h6 23. gxh6+ Kxh6 24. Red1 Kg7 25. Kh2 Re7 26. a5 c5 27. Kg3 Rae8 28. Ng5 f6 29. Nf3 N8e6 30. Bh3 Nd4 31. Nxd4 cxd4 32. Nd5 Nxd5 33. exd5 Rc7 34. h5 Bc8 35. h6+ Kxh6 36. Bxc8 Rcxc8 37. Rxf6 Rxc2 38. Rxa6 Rf8 39. Rh1+ Kg5 40. Re6 Rfxf2 41. Rxe5+ Kf6 42. Re6+ Kf5 43. Rg1 Ra2 44. a6 Rfc2 45. Rf1+ Kg5 46. Re5+ Kh6 47. Re6 Kg5 48. Re5+ Kh6 49. Re6 Kg5 50. Re5+ 1/2-1/2

[Event "ROM-ch (Women)"]
[Site "Eforie Nord"]
[Date "2022.02.25"]
[Round "7"]
[White "Baciu, Anca Otilia"]
[Black "Batagan, Ilinca Petra"]
[Result "1-0"]
[WhiteElo "2014"]
[BlackElo "1881"]
[PlyCount "97"]
[EventDate "2022.02.20"]
[EventType "swiss"]
[EventRounds "9"]
[EventCountry "ROU"]
[SourceTitle "CBM 207 Extra"]
[Source "ChessBase"]
[SourceDate "2022.05.31"]
[SourceVersion "1"]
[SourceVersionDate "2022.05.31"]
[SourceQuality "1"]

1. e4 c5 2. Nf3 d6 3. d4 cxd4 4. Nxd4 Nf6 5. Nc3 a6 6. Bc4 e6 7. 0-0 b5 8. Bb3 Be7 9. f4 Bb7 10. Be3 b4 11. Nd5 exd5 12. e5 dxe5 13. fxe5 0-0 14. exf6 Bxf6 15. Qg4 Nc6 16. Rad1 Nxd4 17. Bxd4 Bxd4+ 18. Qxd4 a5 19. Bxd5 Bxd5 20. Qxd5 Qxd5 21. Rxd5 Rfd8 22. Rfd1 Rxd5 23. Rxd5 Kf8 24. Rc5 Ke7 25. Kf2 Kd6 26. Rc4 Re8 27. c3 bxc3 28. Rxc3 Re7 29. Rc4 g6 30. g4 Re5 31. Kf3 f5 32. g5 Re7 33. Ra4 Re5 34. Rd4+ Rd5 35. Rh4 Rd2 36. Rxh7 Rxb2 37. Rh6 Rxa2 38. Rxg6+ Ke7 39. h4 Rh2 40. Kg3 Rh1 41. Rf6 Rf1 42. h5 Rg1+ 43. Kf4 Rf1+ 44. Ke5 a4 45. Ra6 Kf7 46. Ra7+ Kg8 47. Kf6 Rb1 48. Ra8+ Kh7 49. g6+ 1-0

[Event "ROM-chT (Women)"]
[Site "Sovata"]
[Date "2018.11.30"]
[Round "6.2"]
[White "Ionica, Iulia Ionela"]
[Black "Baciu, Anca Otilia"]
[Result "1-0"]
[WhiteElo "2139"]
[BlackElo "1998"]
[PlyCount "57"]
[EventDate "2018.11.25"]
[EventType "team-tourn"]
[EventRounds "7"]
[EventCountry "ROU"]
[SourceTitle "CBM 187 Extra"]
[Source "ChessBase"]
[SourceDate "2018.11.04"]
[SourceVersion "1"]
[SourceVersionDate "2018.11.04"]
[SourceQuality "1"]
[WhiteTeam "Arnia Chessit (W)"]
[BlackTeam "Bucharest Central CC (W)"]
[WhiteTeamCountry "ROU"]
[BlackTeamCountry "ROU"]

1. e4 c5 2. Nf3 e6 3. d4 cxd4 4. Nxd4 Nf6 5. Nc3 d6 6. Be2 a6 7. 0-0 Be7 8. f4 Qc7 9. Kh1 Nc6 10. Be3 0-0 11. Qe1 Bd7 12. Qg3 Rfe8 13. Rae1 Bf8 14. Bd3 Rac8 15. a3 g6 16. Qh4 Be7 17. f5 Nd5 18. Bg5 Bxg5 19. Qxg5 Nxd4 20. fxg6 hxg6 21. exd5 Nf5 22. Ne4 Kg7 23. Nf6 Rh8 24. Bxf5 exf5 25. Re7 Qc4 26. Rfe1 Bb5 27. Nh5+ Kf8 28. Rxf7+ Kxf7 29. Qe7+ 1-0

[Event "ROM-chT (Women)"]
[Site "Sovata"]
[Date "2018.11.29"]
[Round "5.3"]
[White "Baciu, Anca Otilia"]
[Black "Sgircea, Silvia Raluca"]
[Result "1-0"]
[WhiteElo "1998"]
[BlackElo "2259"]
[PlyCount "63"]
[EventDate "2018.11.25"]
[EventType "team-tourn"]
[EventRounds "7"]
[EventCountry "ROU"]
[SourceTitle "CBM 187 Extra"]
[Source "ChessBase"]
[SourceDate "2018.11.04"]
[SourceVersion "1"]
[SourceVersionDate "2018.11.04"]
[SourceQuality "1"]
[WhiteTeam "Bucharest Central CC (W)"]
[BlackTeam "Bucharest CSM (W)"]
[WhiteTeamCountry "ROU"]
[BlackTeamCountry "ROU"]

1. e4 c5 2. Nf3 Nc6 3. Bb5 g6 4. Bxc6 bxc6 5. 0-0 Bg7 6. Re1 Nh6 7. c3 0-0 8. d4 Qb6 9. Na3 cxd4 10. cxd4 d6 11. Nc4 Qa6 12. Ne3 Rb8 13. b3 Bd7 14. Bb2 f6 15. Qc2 Nf7 16. Nd2 Rfd8 17. f4 e5 18. f5 exd4 19. Bxd4 Ne5 20. fxg6 hxg6 21. Ndc4 Be6 22. Nxe5 fxe5 23. Bb2 Bf7 24. Kh1 Qb5 25. Qf2 d5 26. exd5 cxd5 27. Ng4 d4 28. Rf1 Qd5 29. Bc1 Rf8 30. Nh6+ Kh7 31. Qh4 g5 32. Bxg5 1-0

[Event "ROM-chT (Women)"]
[Site "Sovata"]
[Date "2018.11.27"]
[Round "3.2"]
[White "Baciu, Anca Otilia"]
[Black "Sandu, Mihaela"]
[Result "0-1"]
[WhiteElo "1998"]
[BlackElo "2308"]
[PlyCount "72"]
[EventDate "2018.11.25"]
[EventType "team-tourn"]
[EventRounds "7"]
[EventCountry "ROU"]
[SourceTitle "CBM 187 Extra"]
[Source "ChessBase"]
[SourceDate "2018.11.04"]
[SourceVersion "1"]
[SourceVersionDate "2018.11.04"]
[SourceQuality "1"]
[WhiteTeam "Bucharest Central CC (W)"]
[BlackTeam "Timisoara Medicina (W)"]
[WhiteTeamCountry "ROU"]
[BlackTeamCountry "ROU"]

1. e4 c5 2. Nf3 e6 3. d4 cxd4 4. Nxd4 a6 5. Nc3 b5 6. Bd3 Qb6 7. Nb3 Qc7 8. 0-0 Bb7 9. Qe2 Nc6 10. Bd2 Nf6 11. f4 b4 12. Na4 Be7 13. Kh1 0-0 14. Rae1 d5 15. e5 Ne4 16. Be3 Nd8 17. Nd4 g6 18. Rf3 Qa5 19. b3 Qc7 20. Rh3 Nc6 21. Qg4 Nxd4 22. Bxd4 Bc6 23. Rh6 Rfe8 24. Qh3 Bf8 25. Rxh7 Bg7 26. Nc5 Nxc5 27. Bxc5 Bb5 28. Bxb4 Bxd3 29. cxd3 Qb6 30. Bd2 Qf2 31. Ba5 Qxa2 32. Bc7 Rac8 33. Bd6 Qd2 34. Rg1 Rc1 35. Qh4 Qe3 36. Rxg7+ Kxg7 0-1

[Event "ROM-chT (Women)"]
[Site "Baile Govora"]
[Date "2017.11.12"]
[Round "2.1"]
[White "Baciu, Anca Otilia"]
[Black "Sgircea, Silvia Raluca"]
[Result "1-0"]
[WhiteElo "2048"]
[BlackElo "2221"]
[PlyCount "81"]
[EventDate "2017.11.11"]
[EventType "team-tourn"]
[EventRounds "9"]
[EventCountry "ROU"]
[SourceTitle "CBM 181 Extra"]
[Source "ChessBase"]
[SourceDate "2017.12.12"]
[SourceVersion "1"]
[SourceVersionDate "2017.12.12"]
[SourceQuality "1"]
[WhiteTeam "Bucharest Central CC (W)"]
[BlackTeam "Bucharest CSM (W)"]
[WhiteTeamCountry "ROU"]
[BlackTeamCountry "ROU"]

1. e4 c5 2. Nf3 Nc6 3. Bb5 g6 4. Bxc6 bxc6 5. 0-0 Bg7 6. c3 Nf6 7. e5 Nd5 8. d4 cxd4 9. cxd4 0-0 10. Nc3 Nxc3 11. bxc3 Ba6 12. Re1 Qa5 13. Bd2 Qd5 14. h4 Rfb8 15. h5 Rb2 16. hxg6 hxg6 17. Bg5 f6 18. exf6 exf6 19. Bf4 Bc4 20. Bg3 Qh5 21. Qa4 Bf7 22. c4 Qf5 23. Qa3 Rc2 24. c5 Qd5 25. Qa6 Rb2 26. a4 Qb3 27. Qa5 g5 28. Qc7 Be6 29. a5 a6 30. Rac1 Bh6 31. Ra1 Qd5 32. Rad1 Bf8 33. Nh2 Kf7 34. Rb1 Qxd4 35. Nf3 Qb4 36. Rbd1 Qb7 37. Nxg5+ fxg5 38. Qe5 Be7 39. Qe4 Bf6 40. Qh7+ Ke8 41. Qg8+ 1-0

[Event "Arad op 10th"]
[Site "Arad"]
[Date "2017.08.10"]
[Round "6"]
[White "Dicu, Razvan Stefan"]
[Black "Baciu, Anca Otilia"]
[Result "1-0"]
[WhiteElo "2251"]
[BlackElo "2074"]
[PlyCount "47"]
[EventDate "2017.08.06"]
[EventType "swiss"]
[EventRounds "9"]
[EventCountry "ROU"]
[SourceTitle "CBM 179 Extra"]
[Source "ChessBase"]
[SourceDate "2017.08.23"]
[SourceVersion "1"]
[SourceVersionDate "2017.08.23"]
[SourceQuality "1"]

1. e4 c5 2. Nf3 e6 3. d4 cxd4 4. Nxd4 Nf6 5. Nc3 d6 6. g4 h6 7. h3 a6 8. Bg2 Qc7 9. Be3 b5 10. a3 Bb7 11. f4 Nbd7 12. Qe2 Nc5 13. Bf2 Nfd7 14. 0-0 Be7 15. b4 Na4 16. Nxa4 bxa4 17. c4 g6 18. Rac1 g5 19. f5 e5 20. f6 Nxf6 21. Nf5 Bc6 22. b5 Bd7 23. b6 Qd8 24. Qb2 1-0

[Event "ROM-chT (Women)"]
[Site "Calimanesti Caciulata"]
[Date "2016.11.23"]
[Round "3.3"]
[White "Baciu, Anca Otilia"]
[Black "Rendi, Eva"]
[Result "0-1"]
[WhiteElo "2090"]
[BlackElo "2005"]
[PlyCount "80"]
[EventDate "2016.11.21"]
[EventType "team-tourn"]
[EventRounds "7"]
[EventCountry "ROU"]
[SourceTitle "EXT 2018"]
[Source "ChessBase"]
[SourceDate "2017.10.13"]
[SourceVersion "1"]
[SourceVersionDate "2017.10.13"]
[SourceQuality "1"]
[WhiteTeam "Bucharest CC Central (W)"]
[BlackTeam "Smart Galati (W)"]
[WhiteTeamCountry "ROU"]
[BlackTeamCountry "ROU"]

1. e4 c5 2. Nf3 d6 3. d4 cxd4 4. Nxd4 Nf6 5. Nc3 a6 6. Bc4 e6 7. 0-0 b5 8. Bb3 Be7 9. f4 Bb7 10. Be3 b4 11. Na4 Bxe4 12. Bxe6 fxe6 13. Nxe6 Qd7 14. Nxg7+ Kf7 15. Nb6 Qg4 16. Qxg4 Nxg4 17. Nxa8 Nxe3 18. Rae1 Nxf1 19. Rxe4 Nd2 20. Re2 Nc4 21. b3 Nc6 22. Nc7 Kxg7 23. bxc4 a5 24. Nd5 Bf6 25. Re6 Bd4+ 26. Kf1 Bc5 27. Ke1 Rf8 28. Kd2 Nd4 29. Re4 Rf7 30. Kd3 Nc6 31. g4 a4 32. h4 Rb7 33. Re6 b3 34. cxb3 axb3 35. axb3 Rxb3+ 36. Ke4 Rb1 37. Rf6 Rc1 38. Kd3 Nb4+ 39. Kd2 Nxd5 40. cxd5 Be3+ 0-1

[Event "ROM-chT (Women)"]
[Site "Calimanesti Caciulata"]
[Date "2016.11.21"]
[Round "1.2"]
[White "Baciu, Anca Otilia"]
[Black "Lolici, Iselin Amanda"]
[Result "1-0"]
[WhiteElo "2090"]
[BlackElo "1941"]
[PlyCount "57"]
[EventDate "2016.11.21"]
[EventType "team-tourn"]
[EventRounds "7"]
[EventCountry "ROU"]
[SourceTitle "EXT 2018"]
[Source "ChessBase"]
[SourceDate "2017.10.13"]
[SourceVersion "1"]
[SourceVersionDate "2017.10.13"]
[SourceQuality "1"]
[WhiteTeam "Bucharest CC Central (W)"]
[BlackTeam "Arad University (W)"]
[WhiteTeamCountry "ROU"]
[BlackTeamCountry "ROU"]

1. e4 c5 2. Nf3 Nc6 3. Bb5 g6 4. Bxc6 bxc6 5. 0-0 Bg7 6. Re1 e5 7. c3 Ne7 8. d4 cxd4 9. cxd4 exd4 10. Nxd4 0-0 11. Nc3 Bb7 12. Bg5 Re8 13. Qd2 Qb6 14. Nb3 d5 15. Na4 Qb5 16. Nac5 Rad8 17. e5 Bc8 18. Rac1 Qb8 19. Qf4 Bf5 20. Qh4 Bxe5 21. Bxe7 Rxe7 22. Qxe7 Bxb2 23. Na6 Qb6 24. Rxc6 Qxc6 25. Qxd8+ Kg7 26. Nc7 h5 27. Nxd5 Be6 28. Nf4 Qc3 29. Nxe6+ 1-0

[Event "Arad op 9th"]
[Site "Arad"]
[Date "2016.08.11"]
[Round "8"]
[White "Baciu, Anca Otilia"]
[Black "Apostu, Elvis Alin"]
[Result "1-0"]
[WhiteElo "2118"]
[BlackElo "1911"]
[PlyCount "59"]
[EventDate "2016.08.06"]
[EventType "swiss"]
[EventRounds "9"]
[EventCountry "ROU"]
[SourceTitle "CBM 173 Extra"]
[Source "ChessBase"]
[SourceDate "2016.08.29"]
[SourceVersion "1"]
[SourceVersionDate "2016.08.29"]
[SourceQuality "1"]

1. e4 c6 2. d4 d5 3. Nd2 dxe4 4. Nxe4 Bf5 5. Ng3 Bg6 6. Nf3 Nd7 7. h4 h6 8. h5 Bh7 9. Bd3 Bxd3 10. Qxd3 Ngf6 11. Ne4 Nxe4 12. Qxe4 Nf6 13. Qe2 e6 14. Bd2 Qb6 15. 0-0-0 Be7 16. c4 c5 17. d5 exd5 18. Rhe1 Qe6 19. Qd3 Qa6 20. Bf4 Rd8 21. Nh4 Nxh5 22. Bc7 Rd7 23. cxd5 Rxc7 24. Qxa6 bxa6 25. d6 Rd7 26. Nf5 0-0 27. dxe7 Rxd1+ 28. Rxd1 Re8 29. Rd8 Nf6 30. Nd6 1-0

[Event "Arad op 9th"]
[Site "Arad"]
[Date "2016.08.10"]
[Round "6"]
[White "Baciu, Anca Otilia"]
[Black "Baratosi, Daniel"]
[Result "0-1"]
[WhiteElo "2118"]
[BlackElo "2361"]
[PlyCount "59"]
[EventDate "2016.08.06"]
[EventType "swiss"]
[EventRounds "9"]
[EventCountry "ROU"]
[SourceTitle "CBM 173 Extra"]
[Source "ChessBase"]
[SourceDate "2016.08.29"]
[SourceVersion "1"]
[SourceVersionDate "2016.08.29"]
[SourceQuality "1"]

1. e4 e6 2. d4 d5 3. Nd2 c5 4. exd5 Qxd5 5. Ngf3 cxd4 6. Bc4 Qd8 7. Nb3 a6 8. 0-0 Nc6 9. Nbxd4 Nxd4 10. Nxd4 Bd6 11. b3 Ne7 12. Bb2 0-0 13. Qh5 Ng6 14. Bd3 Be7 15. Nf3 Bf6 16. Bxf6 Qxf6 17. Rfe1 Bd7 18. Ne5 Rfd8 19. Bxg6 hxg6 20. Qe2 Be8 21. c4 Rd6 22. Rad1 Rad8 23. Rxd6 Rxd6 24. Qe3 Qd8 25. f4 Rd2 26. a4 Bc6 27. Nxc6 bxc6 28. Qe4 Qd6 29. Qe5 Qb4 30. Qe3 0-1

[Event "Arad op 9th"]
[Site "Arad"]
[Date "2016.08.07"]
[Round "2"]
[White "Baciu, Anca Otilia"]
[Black "Bartha, Andrei"]
[Result "1-0"]
[WhiteElo "2118"]
[BlackElo "1930"]
[PlyCount "39"]
[EventDate "2016.08.06"]
[EventType "swiss"]
[EventRounds "9"]
[EventCountry "ROU"]
[SourceTitle "CBM 173 Extra"]
[Source "ChessBase"]
[SourceDate "2016.08.29"]
[SourceVersion "1"]
[SourceVersionDate "2016.08.29"]
[SourceQuality "1"]

1. e4 c5 2. Nf3 d6 3. d4 cxd4 4. Nxd4 Nf6 5. Nc3 a6 6. Bc4 e6 7. 0-0 b5 8. Bb3 Bb7 9. Re1 Nbd7 10. Qf3 Nc5 11. Bd5 exd5 12. exd5+ Kd7 13. b4 Na4 14. Nxa4 bxa4 15. c4 Kc8 16. Bf4 Nd7 17. c5 dxc5 18. Nc6 Bxc6 19. dxc6 Ra7 20. Rad1 1-0

[Event "ROM-chT (Women)"]
[Site "Mamaia"]
[Date "2015.10.07"]
[Round "5.4"]
[White "Voicu Jagodzinsky, Carmen"]
[Black "Baciu, Anca Otilia"]
[Result "1-0"]
[WhiteElo "2264"]
[BlackElo "2091"]
[PlyCount "75"]
[EventDate "2015.10.03"]
[EventType "team-tourn"]
[EventRounds "9"]
[EventCountry "ROU"]
[SourceTitle "CBM 168 Extra"]
[Source "ChessBase"]
[SourceDate "2015.10.29"]
[SourceVersion "1"]
[SourceVersionDate "2015.10.29"]
[SourceQuality "1"]
[WhiteTeam "Bucharest Apa Nova (W)"]
[BlackTeam "Bucharest Central CC (W)"]
[WhiteTeamCountry "ROU"]
[BlackTeamCountry "ROU"]

1. e4 c5 2. Nf3 e6 3. d4 cxd4 4. Nxd4 Nf6 5. Nc3 d6 6. Be2 a6 7. f4 Qc7 8. 0-0 Be7 9. Kh1 0-0 10. Be3 Nc6 11. Qe1 Bd7 12. Qg3 Rfd8 13. e5 Ne8 14. Rad1 b5 15. Nf3 Na5 16. Bd3 Nc4 17. Bc1 Bc6 18. b3 Nb6 19. Bb2 g6 20. f5 exf5 21. Bxf5 Ng7 22. Be4 b4 23. Nd5 Nxd5 24. Bxd5 Bxd5 25. Rxd5 Qxc2 26. Rd2 Qc6 27. Ng5 Qb5 28. Rdf2 Nh5 29. Qf3 Rf8 30. Nxf7 dxe5 31. Bxe5 Bg5 32. Bd6 Rfe8 33. Nxg5 Qxg5 34. Qf7+ Kh8 35. Bxb4 Qe3 36. Ba3 Ng7 37. Bb2 Rg8 38. Qxg7+ 1-0

[Event "ROM-chT (Women)"]
[Site "Mamaia"]
[Date "2015.10.05"]
[Round "3.4"]
[White "Baciu, Anca Otilia"]
[Black "Apostoae, Lacramioara Liliana"]
[Result "1-0"]
[WhiteElo "2091"]
[BlackElo "2157"]
[PlyCount "81"]
[EventDate "2015.10.03"]
[EventType "team-tourn"]
[EventRounds "9"]
[EventCountry "ROU"]
[SourceTitle "CBM 168 Extra"]
[Source "ChessBase"]
[SourceDate "2015.10.29"]
[SourceVersion "1"]
[SourceVersionDate "2015.10.29"]
[SourceQuality "1"]
[WhiteTeam "Bucharest Central CC (W)"]
[BlackTeam "Galati Smart (W)"]
[WhiteTeamCountry "ROU"]
[BlackTeamCountry "ROU"]

1. e4 c5 2. Nf3 e6 3. d4 cxd4 4. Nxd4 Nf6 5. Nc3 d6 6. Be2 a6 7. f4 Be7 8. 0-0 0-0 9. Kh1 Nc6 10. Be3 Nxd4 11. Bxd4 b5 12. e5 dxe5 13. fxe5 Nd5 14. Ne4 Bb7 15. Bd3 Nb4 16. Nf6+ Bxf6 17. exf6 Qd5 18. Qg4 g6 19. Rf3 Nxd3 20. Rxd3 Qe4 21. Qg3 Rac8 22. c3 Rfd8 23. Rf3 Rd5 24. Re1 Qc2 25. Rf2 Qa4 26. Qf4 Rh5 27. b3 Qa5 28. Rxe6 b4 29. Qe3 Qd8 30. Re7 bxc3 31. Re2 Bc6 32. Bxc3 Rd5 33. Qh6 Qf8 34. Qh3 Bb5 35. Rd2 Rdc5 36. Re3 Rh5 37. Qg4 h6 38. Rd1 Rhc5 39. Bb4 h5 40. Qd4 Rc4 41. Qxc4 1-0

[Event "ROM-chT (Women)"]
[Site "Mamaia"]
[Date "2015.10.04"]
[Round "2.1"]
[White "Stanciu, Ioana Georgiana"]
[Black "Baciu, Anca Otilia"]
[Result "0-1"]
[WhiteElo "2038"]
[BlackElo "2091"]
[PlyCount "120"]
[EventDate "2015.10.03"]
[EventType "team-tourn"]
[EventRounds "9"]
[EventCountry "ROU"]
[SourceTitle "CBM 168 Extra"]
[Source "ChessBase"]
[SourceDate "2015.10.29"]
[SourceVersion "1"]
[SourceVersionDate "2015.10.29"]
[SourceQuality "1"]
[WhiteTeam "Lugoj CSM (W)"]
[BlackTeam "Bucharest Central CC (W)"]
[WhiteTeamCountry "ROU"]
[BlackTeamCountry "ROU"]

1. e4 c5 2. Nf3 e6 3. d4 cxd4 4. Nxd4 Nf6 5. Nc3 d6 6. Be3 a6 7. f3 b5 8. Qd2 Nbd7 9. g4 Nb6 10. 0-0-0 Bb7 11. Qf2 Nfd7 12. Bd3 Rc8 13. Nce2 d5 14. Ng3 Nc4 15. Bxc4 Rxc4 16. Kb1 Be7 17. Nh5 0-0 18. Qd2 Re8 19. Rhg1 Bb4 20. Qg2 dxe4 21. f4 Bf8 22. g5 g6 23. f5 Bd5 24. Nf4 Bg7 25. f6 Bf8 26. h4 Qa5 27. Nb3 Qc7 28. Nxd5 exd5 29. Rxd5 Rc8 30. Rd2 Ne5 31. Bf4 e3 32. Bxe3 Rxh4 33. Rh1 Rxh1+ 34. Qxh1 Ng4 35. Bd4 Qf4 36. Re2 Qxg5 37. Qb7 Qf5 38. Qxa6 Bh6 39. Qa5 Qf1+ 40. Re1 Qg2 41. Qxb5 Qxc2+ 42. Ka1 Bf8 43. a4 Rd8 44. Ka2 Qc8 45. Bb6 Rd7 46. Rc1 Qb7 47. Rc6 Ne5 48. Na5 Qb8 49. Rc2 Nd3 50. Nc6 Qd6 51. Ne7+ Bxe7 52. fxe7 Qxe7 53. Rc8+ Kg7 54. Qc4 Nb4+ 55. Kb3 Rd3+ 56. Qxd3 Nxd3 57. Bd4+ f6 58. Kc3 Nf4 59. Rc6 Ne2+ 60. Kd3 Nxd4 0-1

[Event "ROM-chT (Women)"]
[Site "Mamaia"]
[Date "2015.10.03"]
[Round "1.3"]
[White "Baciu, Anca Otilia"]
[Black "Bulmaga, Irina"]
[Result "0-1"]
[WhiteElo "2091"]
[BlackElo "2381"]
[PlyCount "92"]
[EventDate "2015.10.03"]
[EventType "team-tourn"]
[EventRounds "9"]
[EventCountry "ROU"]
[SourceTitle "CBM 168 Extra"]
[Source "ChessBase"]
[SourceDate "2015.10.29"]
[SourceVersion "1"]
[SourceVersionDate "2015.10.29"]
[SourceQuality "1"]
[WhiteTeam "Bucharest Central CC (W)"]
[BlackTeam "Iasi Politehnica (W)"]
[WhiteTeamCountry "ROU"]
[BlackTeamCountry "ROU"]

1. e4 c5 2. Nf3 e6 3. d4 cxd4 4. Nxd4 Nc6 5. Nc3 Qc7 6. Nxc6 bxc6 7. Bd3 Nf6 8. Qe2 Bd6 9. Bd2 Rb8 10. b3 Be5 11. Rd1 0-0 12. g3 d5 13. f4 Bd4 14. e5 Bxc3 15. Bxc3 Ne4 16. Bxe4 dxe4 17. h4 c5 18. h5 h6 19. Kd2 Qc6 20. Kc1 Ba6 21. Qe3 Rfd8 22. g4 c4 23. Kb2 cxb3 24. axb3 Bd3 25. Rh2 Rdc8 26. Rxd3 exd3 27. Qxd3 Rd8 28. Qe3 Rd1 29. Rd2 Rf1 30. Qe2 Rxf4 31. g5 hxg5 32. h6 gxh6 33. Rd6 Qe4 34. Qh5 Rf2 35. Qd1 Kg7 36. Rd3 Qf4 37. Qh5 Rf1 38. Bd2 Qf5 39. Rh3 Rh8 40. Rh2 Rf3 41. Bc3 Rxc3 42. Kxc3 Qxe5+ 43. Kb4 a5+ 44. Ka4 Qa1+ 45. Kb5 Qc3 46. Qh3 Rb8+ 0-1

[Event "ROM-chT (Women)"]
[Site "Calimanesti"]
[Date "2014.11.14"]
[Round "7.3"]
[White "Baciu, Anca Otilia"]
[Black "Stanciu, Ioana Georgiana"]
[Result "1-0"]
[WhiteElo "2104"]
[BlackElo "1850"]
[PlyCount "69"]
[EventDate "2014.11.08"]
[EventType "team-tourn"]
[EventRounds "7"]
[EventCountry "ROU"]
[SourceTitle "EXT 2015"]
[Source "ChessBase"]
[SourceDate "2014.11.20"]
[SourceVersion "1"]
[SourceVersionDate "2014.11.20"]
[SourceQuality "1"]
[WhiteTeam "Bucharest CC Central (W)"]
[BlackTeam "Lugoj (W)"]
[WhiteTeamCountry "ROU"]
[BlackTeamCountry "ROU"]

1. e4 c5 2. Nf3 d6 3. d4 cxd4 4. Nxd4 Nf6 5. Nc3 g6 6. Be3 Bg7 7. f3 Nc6 8. Qd2 0-0 9. 0-0-0 d5 10. Qe1 e5 11. Nxc6 bxc6 12. exd5 Nxd5 13. Bc4 Be6 14. Ne4 Qc7 15. Bc5 Rfd8 16. Qh4 h6 17. g4 Nf4 18. Bxe6 Nxe6 19. Bd6 Qa5 20. Kb1 Nd4 21. Rd3 Qa4 22. b3 Qb5 23. a4 Qa5 24. Qe7 Re8 25. Qc7 Qd5 26. Ba3 Red8 27. Qe7 Rd7 28. Nf6+ Bxf6 29. Qxf6 c5 30. Re1 Re8 31. c4 Qb7 32. Rxe5 Rb8 33. Bb2 Qc7 34. Ka2 Rb6 35. Re8+ 1-0

[Event "ROM-chT (Women)"]
[Site "Calimanesti"]
[Date "2014.11.13"]
[Round "6.3"]
[White "Olea, Liliana"]
[Black "Baciu, Anca Otilia"]
[Result "0-1"]
[WhiteElo "1946"]
[BlackElo "2104"]
[PlyCount "60"]
[EventDate "2014.11.08"]
[EventType "team-tourn"]
[EventRounds "7"]
[EventCountry "ROU"]
[SourceTitle "EXT 2015"]
[Source "ChessBase"]
[SourceDate "2014.11.20"]
[SourceVersion "1"]
[SourceVersionDate "2014.11.20"]
[SourceQuality "1"]
[WhiteTeam "Arad University (W)"]
[BlackTeam "Bucharest CC Central (W)"]
[WhiteTeamCountry "ROU"]
[BlackTeamCountry "ROU"]

1. e4 c5 2. Nf3 e6 3. c4 a6 4. Nc3 Qc7 5. Be2 d6 6. 0-0 Nf6 7. d4 cxd4 8. Nxd4 b6 9. Be3 Bb7 10. f3 Be7 11. Qd2 Nbd7 12. a4 0-0 13. a5 bxa5 14. Nb3 d5 15. cxd5 exd5 16. Nxd5 Nxd5 17. exd5 Bb4 18. Qd4 Nf6 19. Rfc1 Qe7 20. Nxa5 Bxd5 21. Nc6 Bxc6 22. Rxc6 Rfd8 23. Rc7 Qxc7 24. Qxb4 Nd5 25. Qc5 Qe5 26. Ra3 Qxb2 27. Bf1 Rac8 28. Bd4 Qb1 29. Qa5 Nf4 30. Qe5 Rxd4 0-1

[Event "ROM-chT (Women)"]
[Site "Mamaia"]
[Date "2013.09.08"]
[Round "9.2"]
[White "Baciu, Anca Otilia"]
[Black "Ionescu, Irina"]
[Result "1/2-1/2"]
[WhiteElo "2126"]
[BlackElo "2229"]
[PlyCount "88"]
[EventDate "2013.08.31"]
[EventType "team-tourn"]
[EventRounds "9"]
[EventCountry "ROU"]
[SourceTitle "CBM 156 Extra"]
[Source "ChessBase"]
[SourceDate "2013.10.22"]
[SourceVersion "1"]
[SourceVersionDate "2013.10.22"]
[SourceQuality "1"]
[WhiteTeam "Bucharest Central CC (W)"]
[BlackTeam "Bucharest CSM (W)"]
[WhiteTeamCountry "ROU"]
[BlackTeamCountry "ROU"]

1. e4 e5 2. Nf3 Nf6 3. Nxe5 d6 4. Nf3 Nxe4 5. Nc3 Nxc3 6. dxc3 Be7 7. Be3 Nc6 8. Qd2 Be6 9. Bd3 Qd7 10. 0-0-0 0-0-0 11. h3 Ne5 12. Nd4 Qa4 13. a3 Nc4 14. Bxc4 Qxc4 15. Nxe6 fxe6 16. Kb1 e5 17. Bg5 Rd7 18. Rhe1 Bxg5 19. Qxg5 Rf7 20. f3 Qf4 21. Qg4+ Qxg4 22. hxg4 h5 23. gxh5 Rxh5 24. c4 b6 25. Rh1 Rg5 26. Rh2 a5 27. b3 a4 28. Kb2 axb3 29. cxb3 e4 30. fxe4 Rf2+ 31. Kc3 Kd7 32. Rd2 Rg3+ 33. Rd3 Rgxg2 34. Rxg2 Rxg2 35. e5 g5 36. Kb4 Kc6 37. exd6 cxd6 38. a4 Re2 39. Rh3 g4 40. Rh6 g3 41. Rg6 g2 42. Rg5 Kd7 43. Rg6 Kc6 44. Rg5 Kd7 1/2-1/2

[Event "ROM-chT (Women)"]
[Site "Mamaia"]
[Date "2013.09.06"]
[Round "7.2"]
[White "Baciu, Anca Otilia"]
[Black "Sandu, Mihaela"]
[Result "0-1"]
[WhiteElo "2126"]
[BlackElo "2254"]
[PlyCount "83"]
[EventDate "2013.08.31"]
[EventType "team-tourn"]
[EventRounds "9"]
[EventCountry "ROU"]
[SourceTitle "CBM 156 Extra"]
[Source "ChessBase"]
[SourceDate "2013.10.22"]
[SourceVersion "1"]
[SourceVersionDate "2013.10.22"]
[SourceQuality "1"]
[WhiteTeam "Bucharest Central CC (W)"]
[BlackTeam "Timisoara Medicina (W)"]
[WhiteTeamCountry "ROU"]
[BlackTeamCountry "ROU"]

1. e4 c5 2. Nf3 d6 3. d4 cxd4 4. Nxd4 Nf6 5. Nc3 a6 6. Be2 g6 7. Be3 Bg7 8. a4 Nc6 9. 0-0 0-0 10. f4 Bd7 11. Nb3 Na5 12. Nxa5 Qxa5 13. Bf3 Bc6 14. Qd3 Rac8 15. Bd4 Nd7 16. Bxg7 Kxg7 17. Kh1 Qb4 18. Rfd1 Nc5 19. Qe3 Kg8 20. a5 Ne6 21. f5 Ng7 22. fxg6 hxg6 23. b3 Ne8 24. Rd2 Nf6 25. Nd5 Bxd5 26. exd5 Qc3 27. Qe1 Rc5 28. Rad1 Re8 29. Qh4 Rxa5 30. Re2 Ra1 31. Rxa1 Qxa1+ 32. Re1 Qc3 33. Qf2 Nd7 34. Re3 Qf6 35. c4 b5 36. Qa2 bxc4 37. bxc4 Rc8 38. Re1 Qc3 39. Ra1 Ne5 40. Rf1 Nxf3 41. gxf3 a5 42. Qe2 0-1